000 00568nam a2200181Ia 4500
003 GCL
008 140319s9999 xx 000 0 ara d
040 _aGCL /
_cGCL
082 0 4 _a414
_bف ن
100 1 _aفيكتور شلحت
245 1 0 _aالنزعة الكلامية فى اسلوب الجاحظ, ط 3 /
_cفيكتور شلحت
260 _a[S.N] :
_bدار المشرق ،
_c1992
300 _a203 ص
490 _aالمجموعة الادبية
_v0
650 0 4 _aالاسلوب الادبى
650 0 4 _aالبلاغة العربية
942 _2ddc
_cBK
999 _c54831
_d54831